Estadísticas para Geografía por Letra - Q

Haz click aquí para tomar la prueba!

Estadísticas generales

  • Esta prueba ha sido tomada 1.764 veces
  • La puntuación promedio es 6 de 14

Estadísticas de respuestas

PistaRespuesta% Correcto
Capital de EcuadorQuito
99%
Provincia francófona de CanadáQuebec
88%
Un idioma oficial de Bolivia y PerúQuechua
76%
Estado de AustraliaQueensland
62%
Moneda de Guatemala, llamada así por un pájaro verdeQuetzal
53%
Estado mexicano en la frontera de BeliceQuintana Roo
32%
La capital de Filipinas 1948-1976Ciudad {Quezón}
27%
La ciudad de Virginia donde se encuentra el laboratorio criminalístico del FBIQuantico
27%
Ciudad en Irán con 3 letrasQom
21%
Ciudad de Massachusetts. Lugar de nacimiento de dos presidentes llamados AdamsQuincy
19%
Ciudad de Bretaña. Capital del departamento del FinistèreQuimper
14%
La ciudad cervecera china que una vez fue controlada por AlemaniaQingdao
13%
Ciudad en Pakistán de los huertosQuetta
13%
Ciudad en Portugal, cerca de LisboaQueluz
9%

Distribución de puntuación

Porcentaje por número respondido

Porcentaje de gente con cada puntuación

Historial de tus puntuaciones

No has tomado esta prueba